Largest Cities in Russia: Sudden Death - Statistics

General Stats
  • This quiz has been taken 37 times
  • The average score is 9 of 10
Answers on the Grid
Answers color-coded by a green-red scale on the quiz's grid according to % correct below.
Bhopal
Denpasar
Novosibirsk
Kazan
Nusantara
St. Petersburg
Quezon
Nizhny Novgorod
Fuzhou
Ufa
Moscow
Yekaterinburg
Xi'an
Samara
Bishkek
Krasnoyarks
Tashkent
Chelyabinsk
Kaohsiung
Jaffna
 
Answer Stats
Answer % Correct
Moscow
100%
St. Petersburg
100%
Chelyabinsk
97%
Yekaterinburg
97%
Nizhny Novgorod
93%
Novosibirsk
93%
Kazan
90%
Krasnoyarks
90%
Ufa
69%
Samara
66%
No matching quizzes found
Score Distribution
Percent of People with Each Score
Percentile by Number Answered
Your Score History
You have not taken this quiz